Guess the name - Statistics

General Stats
  • This quiz has been taken 5 times
  • The average score is 11 of 16
Answer Stats
Picture Answer % Correct
Albert Einstein
100%
Aurora’s
100%
Colour Pencil
100%
Ronaldo
100%
Teddy
100%
Emojis
75%
Rubiks Cube
75%
Stadium
75%
Apple Logo
50%
Chrome
50%
Earth
50%
iPad
50%
Italy
50%
Masjid
50%
World Map
50%
Mandir
25%
No matching quizzes found
Score Distribution
Percent of People with Each Score
Percentile by Number Answered
Your Score History
You have not taken this quiz